Sports Quiz

Random Sports or MLB Quiz

MLB: 30 HR, 10 Triples in a Season Quiz Stats

 Plays Quiz Updated Apr 27, 2018

Score 0/73 Timer 07:00
1 Play Today
Season Player % Correct
1921 YankeesBabe Ruth
97.3%
1923 YankeesBabe Ruth
97.3%
1927 YankeesLou Gehrig
88.2%
1931 YankeesLou Gehrig
88.2%
1930 YankeesLou Gehrig
88.2%
1929 YankeesLou Gehrig
88.2%
1933 YankeesLou Gehrig
88.2%
1935 YankeesLou Gehrig
88.2%
1955 GiantsWillie Mays
88.1%
1954 GiantsWillie Mays
88.1%
1957 GiantsWillie Mays
88.1%
1937 YankeesJoe DiMaggio
83.9%
1948 YankeesJoe DiMaggio
83.9%
1950 YankeesJoe DiMaggio
83.9%
1938 YankeesJoe DiMaggio
83.9%
1941 YankeesJoe DiMaggio
83.9%
1955 YankeesMickey Mantle
83.2%
1958 CubsErnie Banks
80.5%
1948 CardinalsStan Musial
79.4%
1949 CardinalsStan Musial
79.4%
1951 CardinalsStan Musial
79.4%
1960 BravesHank Aaron
78.2%
1961 BravesHank Aaron
78.2%
1939 Red SoxTed Williams
76.1%
1922 BrownsKen Williams
75.7%
2000 ExposVladimir Guerrero
74.1%
1977 PhilliesMike Schmidt
73%
1978 Red SoxJim Rice
67.5%
1977 Red SoxJim Rice
67.5%
1930 AthleticsJimmie Foxx
66.7%
1939 Red SoxJimmie Foxx
66.7%
1931 AthleticsJimmie Foxx
66.7%
2007 PhilliesJimmy Rollins
66.6%
1937 TigersHank Greenberg
59.5%
1935 TigersHank Greenberg
59.5%
1954 DodgersDuke Snider
57%
1950 DodgersDuke Snider
56.6%
Season Player % Correct
1934 GiantsMel Ott
54.4%
1983 ExposAndre Dawson
53.6%
1922 CardinalsRogers Hornsby
53.2%
1925 CardinalsRogers Hornsby
53.2%
2017 RockiesCharlie Blackmon
49.9%
2011 YankeesCurtis Granderson
44.4%
1927 CubsHack Wilson
43.7%
1979 PadresDave Winfield
42.2%
1997 Red SoxNomar Garciaparra
41.9%
1978 PiratesDave Parker
38.1%
1964 CubsRon Santo
37.8%
1940 CardinalsJohnny Mize
33.6%
1966 PhilliesDick Allen
32.8%
1932 PhilliesChuck Klein
29.4%
1931 PhilliesChuck Klein
29.4%
1930 AthleticsAl Simmons
26.6%
1937 CardinalsJoe Medwick
26.4%
1999 D'backsSteve Finley
24.1%
2019 DiamondbacksEduardo Escobar
19.6%
1960 CardinalsKen Boyer
17.7%
1925 YankeesBob Meusel
16.6%
1940 YankeesJoe Gordon
15.3%
1932 IndiansEarl Averill
14.3%
1931 IndiansEarl Averill
14.3%
1934 CardinalsRipper Collins
14%
1965 PhilliesJohnny Callison
13.7%
1964 PhilliesJohnny Callison
13.7%
1930 DodgersBabe Herman
11.4%
1928 CardinalsJim Bottomley
11.3%
1930 Senators / BrownsGoose Goslin
11.1%
1941 YankeesCharlie Keller
11%
1943 YankeesCharlie Keller
11%
1946 YankeesCharlie Keller
11%
1943 TigersRudy York
9.8%
1930 BravesWally Berger
8.4%
1938 RedsIval Goodman
2.5%

You're not logged in!

Compare scores with friends on all Sporcle quizzes.
OR
Log In

Sporcle TV

Today on Sporcle TV


Watch our educational content, quiz creation guides, and fun videos on Sporcle TV.

Show Comments

Extras

Top Quizzes Today


Score Distribution

Your Account Isn't Verified!

In order to create a playlist on Sporcle, you need to verify the email address you used during registration. Go to your Sporcle Settings to finish the process.

Report this User

Report this user for behavior that violates our Community Guidelines.

Details: